[Event "Fide Mercenarios 56th"]
[Site "Mexico City"]
[Date "2001.??.??"]
[Round "1"]
[White "Moysen Fernandez, Holger"]
[Black "Pina Perez, Etsel"]
[Result "1-0"]
[WhiteElo "2000"]
[BlackElo "2000"]
[PlyCount "103"]
[EventDate "2001.??.??"]
[EventType "swiss"]
[EventRounds "5"]
[EventCountry "MEX"]
[SourceTitle "EXT 2003"]
[Source "ChessBase"]
[SourceDate "2002.11.25"]
[SourceVersion "1"]
[SourceVersionDate "2002.11.25"]
[SourceQuality "1"]

1. d4 Nf6 2. c4 e6 3. Nc3 Bb4 4. Bg5 c5 5. Nf3 h6 6. Bxf6 Qxf6 7. e3 b6 8. Rc1 Bb7 9. Be2 d6 10. a3 Bxc3+ 11. Rxc3 Nc6 12. d5 Ne7 13. e4 0-0 14. Qc2 e5 15. h4 Bc8 16. h5 Kh8 17. Nh4 Ng8 18. g4 Qe7 19. Rg3 Qg5 20. Qd2 Qxd2+ 21. Kxd2 Nf6 22. f3 Bd7 23. Ke3 Rae8 24. Rhg1 Kh7 25. Bd1 a5 26. Rh1 Rg8 27. Ng2 Rh8 28. g5 hxg5 29. Rxg5 Kg8 30. h6 Rh7 31. Kd3 Kf8 32. hxg7+ Rxg7 33. Rh8+ Rg8 34. Rgxg8+ Nxg8 35. f4 f6 36. f5 Re7 37. Ne3 Rg7 38. Ng4 Be8 39. Nxf6 Rg3+ 40. Kd2 Bf7 41. Nxg8 Rxg8 42. Rxg8+ Bxg8 43. Kc3 Bf7 44. b4 axb4+ 45. axb4 Be8 46. bxc5 bxc5 47. Kb2 Kg7 48. Ka3 Bf7 49. Ka4 Kf8 50. Ka5 Ke7 51. Kb6 Be8 52. Kc7 1-0